[Event "Copenhagen Chess Challenge 2019"]
[Site "Ballerup"]
[Date "2019.05.17"]
[Round "4.13"]
[White "Souhardo Basak"]
[Black "Ramsdal, Jens Albert"]
[Result "0-1"]
[WhiteElo "2082"]
[BlackElo "2245"]
[Annotator "TA"]
[PlyCount "152"]
[EventDate "2019.05.16"]
[EventCountry "DEN"]
[SourceTitle "playchess.com"]
[Source "ChessBase"]
[SourceQuality "1"]

{[%evp 20,152,16,14,14,4,16,0,3,0,30,7,18,0,0,0,0,-24,-12,-25,-15,-66,-72,-198,-131,-425,-428,-422,-415,-363,-159,-105,-105,-138,-126,-141,-36,-36,-36,-36,-36,-36,-36,-465,-435,-502,-502,-496,-490,-489,-474,-559,-556,-609,-556,-683,-675,-599,-594,-922,-430,-414,-411,-362,-237,-229,-222,-213,-213,-289,-289,-280,-262,-259,-256,-635,-629,-651,-672,-5826,-5184,-1104,-794,-4129,-609,-622,-609,-609,-609,-569,-521,-496,-505,-1336,-1320,-1295,-1295,-1288,-460,-791,-772,-29962,-29963,-29964,-29965,-29964,-12847,-29937,-12847,-12838,-11770,-29968,-29969,-29969,-29970,-29972,-29973,-29972,-29971,-29970,-29960,-29952,-29950,-29973,-29974,-29974,-29975,-29975,-29976,-29978,-29978,-29978,-29979,-29994,-29995]} 1. e4 c5 2. Nf3 Nc6 3. d4 cxd4 4. Nxd4 Nf6 5. Nc3 e5 6. Ndb5 d6 7. Bg5 a6 8. Na3 b5 9. Nd5 Be7 10. Bxf6 Bxf6 11. c4 b4 {B33: Sicilian: Pelikan and Sveshnikov Variations} 12. Nc2 O-O 13. h4 (13. g3 Be6 14. Bg2 Bxd5 15. cxd5 Nd4 16. O-O Nxc2 17. Qxc2 Bg5 18. h4 Bh6 19. a3 {½-½ (32) Jakovenko,D (2719)-Giri,A (2797) Shenzhen 2019}) 13... a5 {The position is equal.} 14. g3 Bb7 15. b3 Nb8 {[%cal Bc6b8,Bb8a6,Ba6c5][%mdl 32]} 16. Bh3 $146 ({Predecessor:} 16. Bg2 Nd7 17. O-O Nc5 18. Nce3 g6 19. Qc2 Bg7 20. a3 a4 21. axb4 Nxb3 {½-½ (45) Martinez Pla,X (2179)-Rivas Garcia,V (2218) Barcelona 2017}) 16... Na6 17. Nce3 Nc5 18. Qc2 g6 19. f3 a4 {Threatens to win with ...axb3.} 20. Kf2 (20. O-O $11) 20... Bg7 $15 21. h5 (21. Nxb4 f5 $1 $15 {[%mdl 512]}) (21. Rab1 $17) 21... Qg5 (21... gxh5 22. Nxb4 axb3 23. axb3 $11) (21... Bh6 $19 22. Ng4 Bg5) 22. Bg4 $2 {[%mdl 8192]} (22. Rab1 $17) 22... Bxd5 $19 23. Nxd5 f5 24. exf5 {[%cal Rh5g6]} e4 (24... gxf5 25. Bh3 $19) (24... axb3 $19 {is more deadly.} 25. axb3 Rxa1 26. Rxa1 e4) 25. hxg6 $17 axb3 ({Don't play} 25... hxg6 26. Rad1 $15) 26. f4 ({Not} 26. gxh7+ $2 Kh8 $19) 26... bxc2 27. fxg5 {White wants to mate with Ne7+.} hxg6 (27... Bd4+ $17 28. Ke2 hxg6) 28. f6 $15 b3 $1 $36 {[%cal Rb3b2][%mdl 2048] Black has some pressure.} 29. axb3 {Black must now prevent Rac1.} Rxa1 30. Rxa1 {Hoping for Ke2.} Bh6 31. b4 $2 {[%mdl 8192]} (31. gxh6 $15 Nxb3 32. Rh1) 31... Nd3+ $19 32. Kg2 {Threatening mate with Be6+.} Bxg5 33. Be6+ Kh7 34. Rh1+ Bh6 35. f7 Kg7 36. Nc7 c1=Q 37. Ne8+ Kh8 38. Rxc1 Bxc1 39. b5 Bf4 (39... e3 $142 40. Kf1 Bd2) 40. b6 e3 {( -> ...e2)} 41. Kf3 Ne5+ 42. Ke2 Bxg3 43. b7 Nc6 {Strongly threatening ...Bf4.} 44. Bd5 Nb8 45. Kxe3 Bh2 46. Be6 Na6 47. Ke4 $2 (47. Kd4) 47... Nc5+ 48. Kd5 Nxb7 49. Kc6 Nd8+ 50. Kd7 Nxf7 51. Ke7 Kg8 52. Bd5 Be5 53. Nc7 Bg3 54. Kf6 g5 55. Ne6 Rb8 56. Nxg5 (56. Kg6 $142 Ne5+ 57. Kxg5) 56... Bh4 ({Weaker is} 56... Be5+ 57. Ke7 $17) 57. Bxf7+ {[%mdl 4096] Endgame KRB-KBN} Kf8 58. Bd5 Rb1 (58... Re8 $142 {aiming for ...Re5.} 59. Kg6 Bxg5 60. Kxg5 Kg7) 59. Kf5 (59. Ke6 $142 Bxg5 60. Kxd6) 59... Bxg5 60. Kxg5 {KR-KB} Rf1 61. Kg4 Ke7 62. Bf3 Ke6 (62... Kd8 $142 63. Kf4 Kc7 64. Ke3 Kb6 65. Be2 {[#]} Re1 $1 {[%mdl 512]} 66. Kd3 Kc5 67. Bf3 Rg1 68. Bb7 Rg3+ 69. Kc2 Kxc4 70. Ba6+ Kd4 71. Bb7 d5 72. Kb2 Rg5 73. Bc8 Ke3 74. Ka3 d4 75. Be6 d3 76. Kb4 Rg1 77. Kc5 d2 78. Bb3 Rc1+ 79. Kd6 Kd3 80. Ba4 Rb1 81. Ke6 Ra1 82. Bb3 Kc3 83. Kf5 Kxb3 84. Ke6 d1=Q 85. Ke5 Qg4 86. Kd6 Ra6+ 87. Kc7 Qg7+ 88. Kb8 Qf7 89. Kc8 Ra8#) 63. Kf4 Re1 64. Bc6 Re5 65. Be4 Rh5 {Black mates.} 66. Bd3 Rh4+ 67. Ke3 Ke5 68. Bf1 Re4+ 69. Kd3 Rg4 70. Kc3 Rg3+ 71. Kb4 Kd4 72. Kb5 Rc3 73. Be2 Rc1 74. Kb4 Rb1+ 75. Ka3 Kc3 {[%cal Rb1a1]} 76. Ka2 Rb2+ {[%mdl 64] Double Attack. Accuracy: White = 39%, Black = 67%.} 0-1

[Event "Copenhagen Chess Challenge 2019"]
[Site "Ballerup"]
[Date "2019.05.17"]
[Round "4.14"]
[White "Shehzad, Shazil"]
[Black "Eriksson, Christian Altenburg"]
[Result "1-0"]
[WhiteElo "2016"]
[BlackElo "2146"]
[Annotator "NA RC"]
[PlyCount "99"]
[EventDate "2019.05.16"]
[EventCountry "DEN"]
[SourceTitle "playchess.com"]
[Source "ChessBase"]
[SourceQuality "1"]

1. e4 c5 2. Nf3 Nc6 3. Bb5 g6 4. O-O Bg7 5. Re1 e5 6. Bxc6 dxc6 7. d3 b6 {B31: Sicilian: 2...Nc6 3 Bb5 g6} (7... h6 8. a3 a5 9. Be3 b6 10. Nbd2 Be6 11. b4 cxb4 12. axb4 a4 13. Nc4 Bxc4 14. dxc4 Qxd1 15. Raxd1 {1-0 (45) Adams,M (2701)-Gukesh,D (2497) Caleta 2019}) 8. h3 f6 9. Be3 Nh6 10. a3 Be6 $146 ({Predecessor:} 10... a5 11. Nbd2 O-O 12. a4 Be6 13. b3 Nf7 {1-0 (53) Naiditsch,Y (2393)-Iljushina,O (2259) St Petersburg 2018}) 11. b4 c4 12. d4 Nf7 13. Qe2 O-O 14. dxe5 Nxe5 15. Nd4 Bf7 16. f4 c5 17. bxc5 bxc5 18. Nb5 Qb6 19. N5c3 Nd7 20. Ra2 Qe6 21. Nd2 g5 22. f5 Qc6 23. Nf3 Rfe8 24. Raa1 Rad8 25. Rad1 Nb6 26. Rxd8 Rxd8 27. e5 fxe5 28. Bxg5 Re8 29. Ne4 Nd7 30. c3 Bd5 31. Nfd2 Bf6 $2 (31... Rf8) 32. Qg4 Kh8 33. Qh4 Bxg5 34. Nxg5 Nf6 $2 (34... Re7 35. Nge4 (35. Nxc4 Qf6 $18) 35... Rf7) 35. Ne6 $2 (35. Qh6) 35... Rxe6 $2 (35... Nd7 36. Nxc4 Bxe6 37. fxe6 Qxe6 $14) 36. fxe6 Qxe6 37. Rf1 Ng8 38. Nf3 e4 {[#]} 39. Ng5 $1 {Double Attack} Qg6 40. Qf4 Qg7 $1 $11 {and Black is okay.} 41. Qf5 (41. Rd1 Qf6) 41... Ne7 42. Qf4 $2 (42. Nf7+ $18 Qxf7 43. Qxf7 Bxf7 44. Rxf7) 42... h6 $18 43. Nxe4 Ng6 44. Qb8+ Bg8 45. Nf6 Ne7 46. Nxg8 Nxg8 47. Re1 Kh7 48. Qe5 Nf6 49. Qxc5 Qg3 50. Qe5 1-0

[Event "Copenhagen Chess Challenge 2019"]
[Site "Ballerup"]
[Date "2019.05.17"]
[Round "4.15"]
[White "Jaksland, Tim"]
[Black "Sidali, Elias Hulleberg"]
[Result "1-0"]
[WhiteElo "2213"]
[BlackElo "1953"]
[Annotator "TA"]
[PlyCount "117"]
[EventDate "2019.05.16"]
[EventCountry "DEN"]
[SourceTitle "playchess.com"]
[Source "ChessBase"]
[SourceQuality "1"]

{[%evp 18,117,25,25,20,16,24,22,12,23,31,40,108,108,108,108,110,86,87,83,92,93,93,93,94,92,88,79,80,80,80,80,79,80,80,79,72,54,48,48,43,46,428,412,423,408,1598,1438,1587,1536,1606,1438,1402,1636,1485,1592,1570,1564,1511,1500,1478,1450,1406,1391,1384,1358,1344,1344,1313,1313,1285,1292,1225,1221,1195,1166,1193,1159,973,1001,1142,1088,1392,1495,1006,2102,2002,1589,1450,1337,1885,1954,2496,2464,7112,6207,2502,1944,29987,29988,29988,29989]} 1. Nf3 Nf6 2. c4 e6 3. g3 d5 4. Bg2 Be7 5. O-O O-O 6. b3 c5 7. cxd5 Nxd5 8. Bb2 Nc6 9. d4 cxd4 10. Nxd4 Bd7 {A14: English Opening: 1...e6 with b3 by White} (10... Nxd4 11. Qxd4 Bf6 12. Qd2 Bxb2 13. Qxb2 Rb8 14. Rd1 Qf6 15. Qd4 Qxd4 16. Rxd4 Nf6 17. Na3 b6 18. Nb5 a5 19. Rad1 {1-0 (66) Jones,G (2681)-Safarli,E (2662) Astana 2019}) 11. Na3 Nxd4 12. Qxd4 {[%csl Gb2][%cal Rd4g7]} Bf6 {The position is equal.} 13. Qd2 Bxb2 14. Qxb2 Qf6 $146 (14... Bc6 $14) ({Predecessor:} 14... Bc6 15. Nc4 b5 16. Ne5 Bb7 17. Nd3 Qe7 18. Rfc1 {1-0 (42) Dizdarevic,E (2423)-Aleksic,N (2184) Sarajevo 2019}) 15. Qxf6 $16 gxf6 16. Bxd5 exd5 17. Nc2 Rfc8 18. Nd4 Kf8 19. Rfc1 Ke7 20. Kf1 Kd6 21. Ke1 Rc5 22. Kd2 b6 23. Rc3 Ke5 24. Nf3+ Kd6 25. Rac1 Rac8 26. Nd4 Ke5 27. Kd3 Bf5+ 28. Nxf5 Kxf5 $14 {[%mdl 4096] Endgame KRR-KRR} 29. f3 d4 $2 {[%mdl 8192]} ({Black should play} 29... Ke5 $14) 30. Rxc5+ $18 bxc5 {[#] KR-KR} 31. b4 $1 {[%mdl 512]} Ke5 (31... Kg6 $142 32. bxc5 Kf5 33. Kxd4 Ke6) (31... cxb4 32. Rxc8) 32. Rxc5+ Rxc5 33. bxc5 {KP-KP} Kd5 {[#]} 34. c6 $1 {[%mdl 512]} Kxc6 35. Kxd4 Kb5 36. Ke4 Kb4 37. Kf5 Ka3 38. Kxf6 Kxa2 39. Kxf7 Kb3 40. e4 a5 41. e5 a4 42. e6 a3 43. e7 a2 44. e8=Q {White threatens Qe5 and mate.} a1=Q {KQ-KQ} 45. Qe3+ Kc2 46. Qe4+ Kd2 47. Qxh7 Qa7+ 48. Kg6 Qa6+ 49. Kg5 Qa5+ 50. Qf5 Qd8+ 51. Kg4 Ke2 52. h4 Kf2 53. Qc5+ Kg2 54. Qc2+ Kg1 55. Kh3 {[%csl Gh3][%cal Rc2g2]} Qd7+ 56. g4 {[%csl Gh3][%cal Rc2g2]} Kf1 57. h5 Qd6 58. Qg2+ Ke1 59. Qg3+ {[%mdl 64] Double Attack. Accuracy: White = 86%, Black = 48%.} 1-0

[Event "Copenhagen Chess Challenge 2019"]
[Site "Ballerup"]
[Date "2019.05.17"]
[Round "5.1"]
[White "Ertan, Can"]
[Black "Haldorsen, Benjamin"]
[Result "1/2-1/2"]
[WhiteElo "2391"]
[BlackElo "2437"]
[Annotator "TA"]
[PlyCount "50"]
[EventDate "2019.05.16"]
[EventCountry "DEN"]
[SourceTitle "playchess.com"]
[Source "ChessBase"]
[SourceQuality "1"]

{[%evp 11,50,22,48,2,4,0,3,0,25,0,13,0,11,0,-3,-61,-61,-69,-64,-54,-64,-62,-43,-58,-56,-95,-93,-156,-62,-57,-64,-53,-54,-62,0,-54,0,-64,0,-59,0]} 1. e4 c5 2. Nf3 e6 3. d4 cxd4 4. Nxd4 Nc6 5. Nc3 Qc7 6. Be3 a6 7. g4 {B48: Sicilian: Taimanov: 5 Nc3 Qc7 6 Be3 a6 without Be2} (7. Bd3 Nf6 8. O-O Nxd4 9. Bxd4 Bc5 10. Bxc5 Qxc5 11. Na4 Qc7 12. c4 d6 13. Nc3 O-O 14. Be2 Rd8 15. Qd4 e5 16. Qe3 Be6 17. b3 Qc5 18. Qd3 Rac8 19. Rac1 {½-½ (35) Jakovenko,D (2719)-Harikrishna,P (2723) Shenzhen 2019}) 7... b5 8. Nxc6 Qxc6 9. a3 {The position is equal.} Bb7 10. Rg1 $146 ({Predecessor:} 10. Qd2 Rc8 11. f3 Nf6 12. g5 Nh5 13. Bh3 b4 14. axb4 Bxb4 {½-½ (46) Mekhitarian,K (2570)-Barbosa,E (2462) Buenos Aires 2015}) 10... Rc8 11. Qd4 Nf6 12. e5 Nd5 13. Bg2 (13. Nxd5 $11 Qxd5 14. Qxd5 Bxd5 15. O-O-O) 13... Nxe3 $15 14. Qxe3 Qc7 15. Bxb7 Qxb7 16. O-O-O Rc4 17. Rd3 Bc5 18. Qg5 O-O 19. Rgd1 (19. Qd2 $142) 19... Qg2 (19... a5 $17 20. Rxd7 Qf3) 20. f3 Qxh2 21. R1d2 $1 {[%cal Rd2h2]} Qg1+ 22. Rd1 Qh2 23. R1d2 $1 {[%cal Rd2h2]} Qg1+ 24. Rd1 Qh2 25. R1d2 $1 {[%cal Rd2h2]} Qg1+ {Accuracy: White = 54%, Black = 55%.} (25... Qh1+ $15 26. Rd1 Qh2) 1/2-1/2

[Event "Copenhagen Chess Challenge 2019"]
[Site "Ballerup"]
[Date "2019.05.17"]
[Round "5.1"]
[White "Lilja, Richard"]
[Black "Tandrup, Michael"]
[Result "1/2-1/2"]
[WhiteElo "2103"]
[BlackElo "1982"]
[Annotator "NA RC"]
[PlyCount "156"]
[EventDate "2019.05.16"]
[EventCountry "DEN"]
[SourceTitle "playchess.com"]
[Source "ChessBase"]
[SourceQuality "1"]

1. e4 d5 2. exd5 Qxd5 3. Nc3 Qd8 4. d4 Nf6 5. Bc4 e6 6. Nf3 {B01: Scandinavian Defence} c6 (6... Nc6 7. O-O Be7 8. Qe2 a6 9. Rd1 Nd5 10. a3 b5 11. Bxd5 exd5 12. Ne5 Nb8 13. Bg5 Be6 14. Bxe7 Qxe7 {1-0 (62) Baklan,V (2617)-Fridman,R (2479) Germany 2015}) 7. O-O Be7 8. Bg5 Nbd7 9. a3 O-O 10. Re1 Nb6 11. Bd3 $146 ({Predecessor:} 11. Bb3 h6 12. Bh4 Qc7 13. Bg3 {1-0 (34) Vontina,M (772)-Simmons,E (680) LSS email 2013}) 11... Nfd5 12. Bxe7 Qxe7 13. Ne2 Qc7 14. Qd2 Nf6 15. b4 Nbd7 16. Ng3 b6 17. c4 c5 18. dxc5 bxc5 19. Ne4 Bb7 20. b5 Nxe4 21. Bxe4 Rad8 22. Bxb7 Qxb7 23. Qe3 Qc7 24. a4 h6 25. a5 Rfe8 26. Ne5 Nxe5 27. Qxe5 Qc8 28. b6 axb6 29. axb6 f6 30. Qb2 Qc6 31. Ra7 Rb8 32. Rb1 Rb7 33. Rxb7 Qxb7 34. Qa3 Rc8 35. Rb5 Ra8 $16 (35... Qe4 $1 $14 36. Qc3 Rb8) 36. Ra5 Rd8 37. h3 (37. h4 $15) 37... Qxb6 38. Rb5 Rd1+ 39. Kh2 Qc7+ 40. Qg3 e5 41. Qb3 Rd4 42. Rb7 Qd6 43. Qg3 Qf8 44. Qa3 Qd6 45. Qa7 Qf8 46. Rc7 e4 47. Qxc5 Qxc5 48. Rxc5 e3 49. fxe3 Re4 50. Kg3 Rxe3+ 51. Kf4 Re2 52. g3 Kh7 53. Rd5 Kg6 54. g4 Rc2 55. c5 Kf7 56. Rd7+ Kg6 57. Rd5 Kf7 58. Ke4 Rc3 59. Kd4 Rc1 60. Rd7+ Ke6 61. Rxg7 Rh1 62. Rh7 Rxh3 63. c6 Rg3 64. c7 Rxg4+ 65. Kc5 Rg8 66. Kb6 Rc8 67. Kb7 Rxc7+ 68. Kxc7 f5 69. Rxh6+ Ke5 70. Kd7 f4 71. Re6+ Kd4 72. Rd6+ Ke3 73. Re6+ Kd3 74. Rf6 Ke3 75. Re6+ Kd3 76. Rd6+ Ke3 77. Rf6 f3 78. Rxf3+ Kxf3 1/2-1/2

[Event "Copenhagen Chess Challenge 2019"]
[Site "Ballerup"]
[Date "2019.05.17"]
[Round "5.2"]
[White "Hvalsoe, Rune"]
[Black "Souhardo Basak"]
[Result "0-1"]
[WhiteElo "2004"]
[BlackElo "2082"]
[Annotator "NA RC"]
[PlyCount "50"]
[EventDate "2019.05.16"]
[EventCountry "DEN"]
[SourceTitle "playchess.com"]
[Source "ChessBase"]
[SourceQuality "1"]

1. e4 c5 2. d4 cxd4 3. c3 dxc3 4. Nxc3 Nc6 5. Bc4 d6 6. Nf3 a6 7. O-O Nf6 8. Bf4 Bg4 9. Qb3 e6 $1 10. Qxb7 Na5 11. Qb4 e5 12. Ng5 d5 13. Qa4+ Bd7 14. Qc2 Nxc4 15. Nxd5 Rc8 $19 ({Not} 15... exf4 16. Qxc4 Ra7 17. Qd4 $17) 16. Bd2 Nxd5 17. exd5 f6 18. Nxh7 Kf7 19. Nxf8 Qxf8 20. Bc3 g5 21. f4 gxf4 22. g3 Qh6 23. gxf4 Rcg8+ 24. Kh1 Bf5 25. Qxf5 Qxh2# {Be1} 0-1

[Event "Copenhagen Chess Challenge 2019"]
[Site "Ballerup"]
[Date "2019.05.17"]
[Round "5.3"]
[White "Okhotnik, Vladimir"]
[Black "Kaasen, Tor Fredrik"]
[Result "1/2-1/2"]
[WhiteElo "2347"]
[BlackElo "2398"]
[Annotator "NA RC"]
[PlyCount "99"]
[EventDate "2019.05.16"]
[EventCountry "DEN"]
[SourceTitle "playchess.com"]
[Source "ChessBase"]
[SourceQuality "1"]

1. e4 e6 2. d4 d5 3. exd5 exd5 4. Nf3 Nf6 5. c4 Be6 (5... Be7 6. Nc3 O-O 7. Be2 dxc4 8. Bxc4 Bg4 9. O-O Nc6 10. Be3 Qd7 11. Re1 Rad8 12. h3 Bh5 13. Be2 Nd5 14. Nxd5 Qxd5 15. Qa4 a6 16. Rac1 Rfe8 17. a3 Bd6 18. g4 {½-½ (50) Piorun,K (2591)-Baramidze,D (2604) Germany 2016}) 6. cxd5 {C01: French: Exchange Variation} Nxd5 7. Nc3 Be7 8. Bd3 O-O 9. O-O Nd7 10. Re1 c6 11. a3 Re8 12. Bc2 Nf8 $146 ({Predecessor:} 12... Qc7 13. Ng5 Bxg5 14. Bxg5 Nxc3 15. bxc3 Qa5 16. Qd2 {1-0 (31) Erwich,F (2319)-Duijker,R (2251) Wijk aan Zee 2013}) 13. Ne4 h6 14. Bd2 a5 15. Qc1 Ng6 16. Ng3 Bf8 17. Bxg6 fxg6 18. Qc2 g5 19. Re2 Nf4 20. Bxf4 gxf4 21. Ne4 Bg4 22. Rae1 Bxf3 23. Qb3+ Kh8 24. Qxf3 Qxd4 25. Qxf4 Rad8 26. g3 Rd7 27. Nc5 Qxf4 28. Rxe8 Qf7 29. Nxd7 Qxd7 30. Rxf8+ Kh7 31. Rfe8 Qd2 32. R8e2 Qd3 33. Re7 Qd2 34. b3 b5 35. a4 Qb4 36. axb5 cxb5 37. R1e3 Qd4 38. h4 a4 39. bxa4 bxa4 40. R7e4 Qd1+ 41. Kh2 Qc2 {[#]} 42. Rf4 $2 (42. Re2 $1 $18 {[%cal Re2c2]} Qc6 43. R4e3) 42... g5 43. hxg5 hxg5 44. Rff3 Kg6 45. Re6+ Kh5 46. Rff6 $2 (46. Kg2 {mates} Qb2 47. Rfe3 Qc2 48. R3e4 Qxe4+ 49. Rxe4 Kg6 50. Rxa4 Kf7 51. Kf3) 46... a3 47. Kh3 (47. Ra6 $16 a2 48. Rh6+ Kg4 49. Rhf6 Qh7+ 50. Kg2 Qh3+ 51. Kg1) 47... g4+ 48. Kg2 Kg5 49. Rf4 Qb2 $11 50. Ree4 1/2-1/2

[Event "Copenhagen Chess Challenge 2019"]
[Site "Ballerup"]
[Date "2019.05.17"]
[Round "5.3"]
[White "Svendsen, Mads O."]
[Black "Lye, Sverre"]
[Result "0-1"]
[WhiteElo "2062"]
[BlackElo "1749"]
[Annotator "NA RC"]
[PlyCount "60"]
[EventDate "2019.05.16"]
[EventCountry "DEN"]
[SourceTitle "playchess.com"]
[Source "ChessBase"]
[SourceQuality "1"]

1. e4 c5 2. Nf3 Nc6 3. d4 cxd4 4. Nxd4 e5 5. Nb5 d6 6. N1c3 a6 7. Na3 b5 8. Nd5 Nge7 9. c3 Nxd5 10. Qxd5 Bb7 {B32: Sicilian: Löwenthal and Kalashnikov Variations} 11. Qd1 Ne7 12. Nxb5 $146 ({Predecessor:} 12. Bd3 d5 13. Qe2 Ng6 14. O-O Bxa3 15. bxa3 dxe4 16. Bxe4 Bxe4 17. Qxe4 O-O 18. a4 {0-1 (37) Keskel,M (2063)-Nyback,T (2211) Jarvenpaa 2001}) 12... axb5 13. Bxb5+ Bc6 14. Bxc6+ Nxc6 15. b4 Be7 16. Qd5 Qc8 17. O-O O-O 18. a4 Qd7 19. Be3 Rfc8 20. a5 Qe6 21. a6 Qxd5 22. exd5 Na7 23. Rfb1 Nb5 24. Ra5 Nxc3 $19 25. Rba1 Bd8 26. a7 Bxa5 27. Rxa5 Rc4 28. b5 Nxd5 29. Ra6 Rb4 30. h3 Rxb5 0-1

[Event "Copenhagen Chess Challenge 2019"]
[Site "Ballerup"]
[Date "2019.05.17"]
[Round "5.4"]
[White "Haub, Thorsten Michael"]
[Black "Moe, Mogens"]
[Result "1-0"]
[WhiteElo "2398"]
[BlackElo "2136"]
[Annotator "TA"]
[PlyCount "85"]
[EventDate "2019.05.16"]
[EventCountry "DEN"]
[SourceTitle "playchess.com"]
[Source "ChessBase"]
[SourceQuality "1"]

{[%evp 18,85,26,0,31,0,37,25,43,21,39,36,39,39,50,27,29,31,30,46,55,56,45,47,63,59,58,58,87,70,89,42,71,9,45,41,76,47,75,13,22,6,50,43,107,95,95,109,98,101,481,491,500,499,491,493,1026,1095,1074,1009,1263,1466,1397,1361,1299,1241,1224,1147,1141,1078]} 1. Nf3 Nf6 2. g3 g6 3. Bg2 Bg7 4. O-O O-O 5. d3 d5 6. Nbd2 c5 7. e4 Nc6 8. c3 dxe4 9. dxe4 Qc7 10. Qe2 b6 {A08: King's Indian Attack} (10... e5 11. a4 h6 12. Nc4 Be6 13. Nfd2 Rfe8 14. Re1 Rad8 15. Nf1 Bxc4 16. Qxc4 Na5 17. Qe2 Nb3 18. Rb1 Nxc1 19. Rbxc1 {0-1 (40) Pourramezanali,A (2533)-Yu,Y (2744) Tbilisi 2017}) 11. Re1 (11. e5 $5 {[%cal Re5f6]} Ng4 12. h3 Ngxe5 13. Nxe5 Bxe5 14. Nf3 $11) 11... a5 12. a4 Ba6 {White has an edge.} 13. Nc4 Ng4 $146 ({Predecessor:} 13... Nd7 14. Nfd2 Nde5 15. f4 Nxc4 16. Nxc4 Rad8 17. Bf1 {1-0 (45) Haub,T (2368)-Weidemann,C (2278) Germany 2018}) 14. Bf4 e5 15. Bc1 Rad8 16. h3 Nf6 17. Bf1 Ne8 18. Qc2 Bxc4 19. Bxc4 Nd6 20. Bf1 h6 21. Nh4 Ne7 22. Ng2 f5 23. exf5 gxf5 24. Ne3 f4 25. Nc4 (25. gxf4 $16 exf4 26. Ng2) 25... fxg3 (25... Nef5 $5 {[%cal Rf4g3]}) 26. fxg3 Ndf5 27. Qg2 Kh8 28. Ne3 (28. Be2 $16) 28... Bf6 29. Ng4 Rg8 30. Kh2 Qd6 (30... Rg6 $14) 31. Bc4 ({Wrong is} 31. Nxh6 $2 Nxh6 32. Bxh6 Bh4 $17) 31... Rg6 32. Bf7 Rg7 {[#]} 33. Bb3 $1 $36 {[%mdl 2048] And now Rd1 would win. Black is under strong pressure.} h5 $2 {[%mdl 8192]} (33... Bh4 $16 34. gxh4 e4+ 35. Kh1 Rf8) 34. Rd1 $18 {White is clearly winning.} hxg4 35. Rxd6 Nxd6 36. Bc2 gxh3 (36... Ng6 $142 37. hxg4 e4 38. Bxe4 Re8 39. Bxg6 Rxg6) 37. Qxh3+ Kg8 38. Bh6 Rf7 39. Rf1 Bg7 40. Qg4 Rdf8 41. Rxf7 Rxf7 42. Bxg7 Rxg7 43. Qe6+ {[%mdl 64] Double Attack. Accuracy: White = 62%, Black = 20%.} 1-0

[Event "Copenhagen Chess Challenge 2019"]
[Site "Ballerup"]
[Date "2019.05.17"]
[Round "5.4"]
[White "Nesse, David"]
[Black "Nielsen, Viktor Haarmark"]
[Result "0-1"]
[WhiteElo "1764"]
[BlackElo "2279"]
[Annotator "NA RC"]
[PlyCount "60"]
[EventDate "2019.05.16"]
[EventCountry "DEN"]
[SourceTitle "playchess.com"]
[Source "ChessBase"]
[SourceQuality "1"]

1. e4 e5 2. Nf3 Nc6 3. Nc3 Nf6 4. d4 exd4 5. Nxd4 Bb4 6. Nxc6 bxc6 7. Bd3 O-O 8. O-O d5 9. exd5 cxd5 10. Bg5 c6 11. Na4 Bd6 12. c3 h6 13. Bh4 Re8 14. Bc2 {C47: Scotch Four Knights and Four Knights with 4 g3} (14. Re1 Bg4 15. Qd2 Be6 16. Bg3 a5 17. a3 Bf8 18. Bh4 g5 19. Bg3 Ne4 20. Qc2 Nxg3 21. hxg3 Qf6 {½-½ (52) Utegaliev,A (2469)-Sasikiran,K (2640) Al Ain 2015}) 14... a5 15. Qd4 $146 ({Predecessor:} 15. Qf3 g5 16. Bg3 Bg4 17. Qd3 Be2 18. Qf5 Bxf1 19. Rxf1 Kg7 20. f4 Bxf4 21. Bxf4 gxf4 22. Qxf4 {0-1 (46) Wijesurija,G (2127)-Al Qudaimi,B (2396) Turin 2006}) 15... Be5 $1 16. Qd1 Qd6 17. Bg3 (17. Bxf6 $15 Qxf6 18. Nb6) 17... Bxg3 18. fxg3 Ba6 19. Bd3 Bb5 20. c4 Bxa4 21. Qxa4 Ng4 22. Qa3 $19 Qe5 23. Kh1 Qd4 24. Rf4 Nf2+ 25. Kg1 Nh3+ 26. Kh1 Nxf4 27. gxf4 Re3 28. Rd1 dxc4 29. Bh7+ Kxh7 30. Rxd4 Re1# 0-1

[Event "Copenhagen Chess Challenge 2019"]
[Site "Ballerup"]
[Date "2019.05.17"]
[Round "5.5"]
[White "Heimisson, Hilmir Freyr"]
[Black "Hacker, Jonas"]
[Result "0-1"]
[WhiteElo "2311"]
[BlackElo "2386"]
[Annotator "NA RC"]
[PlyCount "144"]
[EventDate "2019.05.16"]
[EventCountry "DEN"]
[SourceTitle "playchess.com"]
[Source "ChessBase"]
[SourceQuality "1"]

1. d4 d5 2. c4 e6 3. Nf3 Nf6 4. Nc3 Bb4 5. Bg5 dxc4 6. e4 c5 7. Bxc4 cxd4 8. Nxd4 Bxc3+ 9. bxc3 Qa5 10. Bxf6 Qxc3+ 11. Kf1 gxf6 12. Rc1 Qa5 13. h4 Ke7 14. Rh3 Nc6 15. Nxc6+ bxc6 16. Rd3 Rb8 {D39: Queen's Gambit Declined: Ragozin Defence with 5 Bg5 dxc4} 17. Kg1 Rd8 18. Rxd8 Qxd8 19. Qa4 Qd4 {[#]} 20. Rd1 $146 ({Much worse is} 20. Qxc6 Bd7 $17) ({Predecessor:} 20. Qa3+ $1 $11 {keeps the balance.} Ke8 21. Bf1 (21. Bb3 Bd7 22. Rc4 Qa1+ 23. Kh2 Qe5+ 24. g3 {½-½ (38) Melkumyan,H (2658)-Song,R (2329) Canberra 2019})) 20... Qc5 21. Bb3 $1 e5 22. Rd2 Rb4 23. Rc2 Rxa4 24. Rxc5 Ra6 25. Bc4 Rb6 26. Ra5 Rb7 27. Bb3 Rc7 28. Kf1 c5 29. Ke1 c4 30. Bc2 Be6 31. Kd2 Kf8 32. Kc3 Kg7 33. g3 Kg6 34. f4 exf4 35. gxf4 Kh6 36. Bd1 Bh3 37. Ra6 Kg7 38. a4 Bg2 39. Bc2 Re7 40. Kd4 Rd7+ 41. Kc3 Re7 42. Kd4 Rd7+ 43. Kc3 Bf1 44. Rc6 Bd3 45. e5 fxe5 46. fxe5 Rd5 47. h5 Bxc2 48. h6+ Kf8 49. Kxc2 Rxe5 50. Rc8+ Re8 51. Rxc4 $2 (51. Rc6 $1 $11 {and White is okay.}) 51... a6 52. Kc3 Re6 53. Rh4 Ke7 54. a5 Kf6 55. Kc4 {[#]} Kg5 $19 56. Rh1 Rxh6 57. Rg1+ Kf6 58. Kc5 Ke7 59. Re1+ Re6 60. Rh1 h6 61. Rh5 Rg6 62. Rh2 Kf8 63. Rf2 Kg7 64. Rf1 h5 65. Rf4 Rf6 66. Rb4 Rg6 67. Rf4 Rh6 68. Rh4 Kg6 69. Rh1 h4 70. Kb6 Kg5+ 71. Ka7 h3 72. Rg1+ Kh4 0-1